000
00380nam a2200133Ia 4500
008
151001s9999||||xx |||||||||||||| ||und||
100
_a
वि वि बोकील
245
_a
आमची आयुधे आमचे राज्य
250
_a
1
260
_b
ललित साहित्य प्रकाशन
260
_c
1959
300
_a
136
365
_b
8
999
_c
950210
_d
950207